Manual guía de especies vegetales vedadas en vía de extinción y de frecuente comercialización / (Registro nro. 1941)

Detalles MARC
000 -CABECERA
Campo de control 00999nam a2200229 a 4500
005 - FECHA Y HORA DE LA ULTIMA TRANSACCION
Campo de control 20160723114404.0
008 - ELEMENTOS DE LONGITUD FIJA—INFORMACION GENERAL
Campo de control 890412s1998 ck a rf 00010 spa d
040 ## - FUENTE DE CATALOGACIÓN
Agencia catalogadora original la
Agencia transcriptora la
Agencia Modificadora CO-BoIAVH
041 0# - IDIOMA
Código de idioma para texto/pista de sonido o título separado Español
044 ## - PAÍS DE PUBLICACIÓN
País de publicación Colombia
082 04 - NUMERO DE CLASIFICACION DECIMAL DEWEY
Número de clasificación 580.12
Número del ítem B67m
110 1# - ASIENTO PRINCIPAL--NOMBRE CORPORATIVO
Nombre corporativo o de jurisdicción como elemento de entrada Bogotá (Colombia).
Unidad subordinad Alcaldia Mayor.
-- Departamento Técnico Administrativo del Medio Ambiente.
9 (RLIN) 73219
245 10 - MENCION DE TITULO
Título Manual guía de especies vegetales vedadas en vía de extinción y de frecuente comercialización /
Mención de responsabilidad Alcaldia Mayor de Bogotá. Departamento Administrativo de Medio Ambiente.
260 ## - PUBLICACION, DISTRIBUCION, ETC. (PIE DE IMPRENTA)
Lugar de publicación, distribución, etc. Bogotá :
Nombre del editor, distribuidor, etc. Alcaldía Mayor de Bogotá,
Fecha de publicación, distribución, etc. 1998.
300 ## - DESCRIPCION FISICA
Extensión 337 páginas :
Otros detalles físicos ilustraciones ;
Dimensiones 17 x 24 cm.
504 ## - NOTA DE BIBLIOGRAFIA, ETC.
Nota de bibliografía Incluye referencias bibliográficas.
650 24 - ASIENTO SECUNDARIO DE MATERIA - TERMINO TEMATICO
Término temático o nombre geográfico como elemento de entrada Taxonomía vegetal
Subdivisión de forma Manuales
Subdivisión geográfica Colombia
9 (RLIN) 73220
650 26 - ASIENTO SECUNDARIO DE MATERIA - TERMINO TEMATICO
Término temático o nombre geográfico como elemento de entrada Extinción de especies
9 (RLIN) 17763
650 24 - ASIENTO SECUNDARIO DE MATERIA - TERMINO TEMATICO
Término temático o nombre geográfico como elemento de entrada Especies vegetales
Subdivisión general comercialización
9 (RLIN) 73221
650 ## - ASIENTO SECUNDARIO DE MATERIA - TERMINO TEMATICO
Término temático o nombre geográfico como elemento de entrada Hombres
Subdivisión general Influencia sobre la naturaleza
Subdivisión geográfica Colombia
9 (RLIN) 73222
942 ## - ELEMENTOS ADICIONALES (KOHA)
Sistema de clasificación Dewey Decimal Classification
Tipo de ítem Libro
Existencias
Withdrawn status Lost status Sistema de Clasificación Damaged status No para préstamo Colección Inventariado Ubicación Permanente Ubicación actual Fecha de adquisición Fuente de Valor Valor Total Checkouts Número topográfico Inventario / Código de Barras Date last seen Ejemplar Price effective from Forma de adquisición Tipo de material
    Dewey Decimal Classification     General Inventariado 2017 Bogotá Bogotá 26/01/2001 Baptiste, Luis Guillermo 39000.00   LB-580.12 B67m 002423 04/12/2012 Ej. 1 04/12/2012 Donación Libro
    Dewey Decimal Classification     General Inventariado 2017 Sala Fabio Quevedo Sala Fabio Quevedo 26/01/2001   39000.00   LB-580.12 B67m 004866 04/12/2012 Ej. 2 04/12/2012 Donación Libro